| 000 | 01350nam a2200349Ia 4500 | ||
|---|---|---|---|
| 001 | ebr10634533 | ||
| 003 | CaPaEBR | ||
| 006 | m u | ||
| 007 | cr cn||||||||| | ||
| 008 | 121015s2012 mauab sb 001 0 eng d | ||
| 010 | _z 2011277876 | ||
| 020 | _z9781614510765 (cased) | ||
| 020 | _z1614510768 (cased) | ||
| 020 | _z1614510776 (e-book.) | ||
| 020 | _z9781614510772 (e-book.) | ||
| 040 |
_aCaPaEBR _cCaPaEBR |
||
| 035 | _a(OCoLC)821020816 | ||
| 050 | 1 | 4 |
_aP221 _b.C6576 2012eb |
| 245 | 0 | 0 |
_aConsonant clusters and structual complexity _h[electronic resource] / _cedited by Philip Hoole ... [et al.]. |
| 260 |
_aBoston : _bDe Gruyter Mouton, _cc2012. |
||
| 300 |
_avi, 409 p. : _bill., maps. |
||
| 490 | 0 |
_aInterface explorations, _x1861-4167 ; _v26 |
|
| 504 | _aIncludes bibliographical references and indexes. | ||
| 533 |
_aElectronic reproduction. _bPalo Alto, Calif. : _cebrary, _d2013. _nAvailable via World Wide Web. _nAccess may be limited to ebrary affiliated libraries. |
||
| 650 | 0 | _aConsonants. | |
| 650 | 0 |
_aGrammar, Comparative and general _xPhonology. |
|
| 650 | 0 | _aPhonetics. | |
| 655 | 7 |
_aElectronic books. _2local |
|
| 700 | 1 | _aHoole, Philip. | |
| 710 | 2 | _aebrary, Inc. | |
| 856 | 4 | 0 |
_uhttp://site.ebrary.com/lib/rucke/Doc?id=10634533 _zAn electronic book accessible through the World Wide Web; click to view |
| 999 |
_c47848 _d47848 |
||